| Tag |
First Indicator |
Second Indicator |
Subfields |
| LEADER |
00000nam a2200000 4500 |
| 001 |
in00004284039 |
| 005 |
20200813083337.0 |
| 006 |
m g d |
| 007 |
cr bn |||a|bb| |
| 008 |
850724s1643 enk o 00| | eng d |
| 035 |
|
|
|a (UnM)99871556
|
| 037 |
|
|
|a CL0051000001
|b ProQuest Information and Learning. 300 N. Zeeb Rd., Ann Arbor, MI 48106
|
| 040 |
|
|
|a Cu-RivES
|c Cu-RivES
|d CStRLIN
|e dcrb
|d WaOLN
|
| 100 |
1 |
|
|a Hotham, John,
|c Sir,
|d d. 1645 Jan. 2.
|
| 245 |
1 |
2 |
|a A true and exact relation of all the proceedings of Sir Hugh Cholmleys revolt, deserting the Parliament, and going to the Queen, with the regaining of Scarborough Castle, by the courage and industry of Capt. Bushel. :
|b Sent in two letters, the one from Sir Iohn Hotham to M. Speaker, the other, from a worthy Captain to a member of the honourable House of Commons. Die Martis 4 Aprilis 1643. It is ordered by the Commons in Parliament, that these two letters concerning Sir Hugh Cholmley's Revolt, and the re-taking of Scarborough Castle, shall be forthwith printed and published. H. Elsynge, Cler. Parl. D. Com.
|
| 260 |
|
|
|a London :
|b Printed for Richard Best, and are to be sold at his Shop neer Gray's Inne-gate in Holborn,
|c 1643. April 7.
|
| 300 |
|
|
|a 1 online resource ([2], 9, [1] pages)
|
| 336 |
|
|
|a text
|b txt
|2 rdacontent
|
| 337 |
|
|
|a computer
|b c
|2 rdamedia
|
| 338 |
|
|
|a online resource
|b cr
|2 rdacarrier
|
| 500 |
|
|
|a In this edition line 7 reads: of Scarborough Castle,.
|
| 500 |
|
|
|a Reproduction of the original in the British Library.
|
| 510 |
4 |
|
|a Wing (2nd edition)
|c H2909A.
|
| 510 |
4 |
|
|a Thomason
|c E.95[9].
|
| 533 |
|
|
|a Electronic reproduction.
|b Ann Arbor, Mich. :
|c UMI,
|d 1999-
|f (Early English books online)
|n Digital version of: (Thomason Tracts ; 17:E95[9])
|7 s1999 miun s
|
| 600 |
1 |
0 |
|a Bushell, Brown,
|d d. 1651.
|
| 600 |
1 |
0 |
|a Cholmley, Hugh,
|c Sir,
|d 1600-1657.
|
| 651 |
|
4 |
|a Great Britain
|x History
|y Civil War, 1642-1649
|x Campaigns
|v Early works to 1800.
|
| 651 |
|
0 |
|a Scarborough (England)
|x History, Military
|v Early works to 1800.
|
| 700 |
0 |
|
|a Worthy captain.
|
| 830 |
|
0 |
|a Early English books online.
|
| 856 |
4 |
0 |
|u http://proxy.library.tamu.edu/login?url=https://search.proquest.com/docview/2248515044
|z Connect to the full text of this electronic book
|t 0
|
| 999 |
f |
f |
|s f55fbb82-580e-361a-912c-dd779895b621
|i 3910ea92-d6fa-357f-b97c-dea736da708f
|t 0
|
| 952 |
f |
f |
|a Texas A&M University
|b College Station
|c Electronic Resources
|d Available Online
|t 0
|h No information provided
|
| 998 |
f |
f |
|t 0
|l Available Online
|